000 00463nam a2200217Ia 4500
001 12917
003 GE_BSU
008 181216s||||||||xx |||||||||||||| ||und||
020 _a0340613416
040 _cGE_BSU
080 _a821.111-32
100 _aWouk,Herman.
245 4 _aThe Hope.
245 2 _bA novel.
260 _aLondon.
260 _bHodder & Stoughton.
260 _c1993
300 _a693p;24cm.
653 _aThe Hope.A novel.
942 _cBK
999 _c46087
_d46087